Dutch train station codes - Statistics

General Stats
  • This quiz has been taken 33 times
  • The average score is 151 of 399
Answer Stats
Station name Station code % Correct
Abcoude ac
91%
Almere Centrum alm
91%
Almere Buiten almb
82%
Almere Muziekwijk almm
82%
Almere Oostvaarders almo
82%
Almere Parkwijk almp
82%
Almelo aml
82%
's-Hertogenbosch ht
82%
's-Hertogenbosch Oost hto
82%
Arnhem Centraal ah
73%
Akkrum akm
73%
Amersfoort Centraal amf
73%
Amersfoort Schothorst amfs
73%
Alkmaar amr
73%
Alkmaar Noord amrn
73%
Apeldoorn apd
73%
Apeldoorn De Maten apdm
73%
Apeldoorn Osseveld apdo
73%
Alphen aan den Rijn apn
73%
Amsterdam Centraal asd
73%
Amsterdam Zuid asdz
73%
Aalten atn
73%
Amsterdam RAI rai
73%
Arnhem Zuid ahz
64%
Amsterdam Amstel asa
64%
Amsterdam Bijlmer ArenA asb
64%
Amsterdam Lelylaan asdl
64%
Amsterdam Muiderpoort asdm
64%
Assen asn
64%
Amsterdam Sloterdijk ass
64%
Beilen bl
64%
Baarn brn
64%
Beverwijk bv
64%
't Harde hde
64%
Arkel akl
55%
Arnemuiden arn
55%
Amsterdam Science Park assp
55%
Baflo bf
55%
Bergen op Zoom bgn
55%
Beek-Elsloo bk
55%
Blerick br
55%
Beesd bsd
55%
Gouda gd
55%
Gouda Goverwelle gdg
55%
Leeuwarden lw
55%
Leeuwarden Camminghaburen lwc
55%
Rotterdam Centraal rtd
55%
Utrecht Centraal ut
55%
Utrecht Lunetten utln
55%
Utrecht Leidsche Rijn utlr
55%
Utrecht Maliebaan utm
55%
Utrecht Overvecht uto
55%
Utrecht Terwijde utt
55%
Utrecht Vaartsche Rijn utvr
55%
Utrecht Zuilen utzl
55%
Arnhem Presikhaaf ahpr
45%
Anna Paulowna ana
45%
Appingedam apg
45%
Amsterdam Holendrecht ashd
45%
Amersfoort Vathorst avat
45%
Breda bd
45%
Bodegraven bdg
45%
Bedum bdm
45%
Best bet
45%
Bilthoven bhv
45%
Bovenkarspel Flora bkf
45%
Bovenkarspel-Grootebroek bkg
45%
Driebergen-Zeist db
45%
Dordrecht ddr
45%
Dordrecht Stadspolders ddrs
45%
Diemen dmn
45%
Diemen Zuid dmnz
45%
Deurne dn
45%
Dieren dr
45%
Deventer dv
45%
Deventer Colmschate dvc
45%
Ede-Wageningen ed
45%
Eindhoven Centraal ehv
45%
Enschede es
45%
Enschede De Eschmarke ese
45%
Enschede Kennispark esk
45%
Elst est
45%
Groningen gn
45%
Groningen Noord gnn
45%
Goes gs
45%
Gilze-Rijen gz
45%
Den Helder hdr
45%
Den Helder Zuid hdrz
45%
Hoofddorp hfd
45%
Hengelo hgl
45%
Hengelo Gezondheidspark hglg
45%
Hengelo Oost hglo
45%
Haarlem hlm
45%
Haarlem Spaarnwoude hlms
45%
Hoorn hn
45%
Hoorn Kersenboogerd hnk
45%
Haren hrn
45%
Houten htn
45%
Houten Castellum htnc
45%
Hilversum hvs
45%
Hilversum Media Park hvsm
45%
Kampen kpn
45%
Kampen Zuid kpnz
45%
Lelystad Centrum lls
45%
Middelburg mdb
45%
Meppel mp
45%
Maarn mrn
45%
Maastricht mt
45%
Maastricht Noord mtn
45%
Maastricht Randwyck mtr
45%
Nieuw Amsterdam na
45%
Naarden-Bussum ndb
45%
Nijmegen nm
45%
Nijmegen Dukenburg nmd
45%
Nijmegen Heyendaal nmh
45%
Nijmegen Lent nml
45%
Nunspeet ns
45%
Oss o
45%
Obdam obd
45%
Oudenbosch odb
45%
Ommen omn
45%
Overveen ovn
45%
Oss West ow
45%
Purmerend pmr
45%
Roermond rm
45%
Rotterdam Noord rtn
45%
Rotterdam Zuid rtz
45%
Soest st
45%
Sittard std
45%
Soest Zuid stz
45%
Tilburg tb
45%
Tilburg Universiteit tbu
45%
Tiel tl
45%
Uitgeest utg
45%
Venlo vl
45%
Velp vp
45%
Vlissingen vs
45%
Vlissingen Souburg vss
45%
Wijchen wc
45%
Woerden wd
45%
Wijhe wh
45%
Wormerveer wm
45%
Wolvega wv
45%
Winterswijk ww
45%
Winterswijk West www
45%
Zaandam zd
45%
Zaandam Kogerveld zdk
45%
Zwolle zl
45%
Zevenaar zv
45%
Zaandijk Zaanse Schans zzs
45%
Almere Poort ampo
36%
Breda-Prinsenbeek bdpb
36%
Boven Hardinxveld bhdv
36%
Breukelen bkl
36%
Bloemendaal bll
36%
Brummen bmn
36%
Borne bn
36%
Bunnik bnk
36%
Buitenpost bp
36%
Barendrecht brd
36%
Boskoop bsk
36%
Boskoop Snijdelwijk bsks
36%
Bussum Zuid bsmz
36%
Castricum cas
36%
Capelle Schollevaar cps
36%
Doetinchem dtc
36%
Doetinchem De Huet dtch
36%
Duivendrecht dvd
36%
Duiven dvn
36%
Echt ec
36%
Ede Centrum edc
36%
Eemshaven eem
36%
Eygelshoven egh
36%
Eygelshoven Markt eghm
36%
Eindhoven Strijp-S ehs
36%
Enkhuizen ekz
36%
Ermelo eml
36%
Emmen emn
36%
Emmen Zuid emnz
36%
Etten-Leur etn
36%
Feanwâlden fwd
36%
Geldermalsen gdm
36%
Geleen Oost gln
36%
Goor go
36%
Gorinchem gr
36%
Harderwijk hd
36%
Heemskerk hk
36%
Heiloo hlo
36%
Helmond hm
36%
Helmond Brouwhuis hmbh
36%
Helmond Brandevoort hmbv
36%
Helmond 't Hout hmh
36%
Heerlen hrl
36%
Horst-Sevenum hrt
36%
Hilversum Sportpark hvsp
36%
Heerhugowaard hwd
36%
Halfweg-Zwanenburg hwzb
36%
Heeze hze
36%
Krommenie-Assendelft kma
36%
Leiden Centraal ledn
36%
Nuth nh
36%
Nijkerk nkk
36%
Nieuw Vennep nvp
36%
Oldenzaal odz
36%
Olst ost
36%
Oosterbeek otb
36%
Putten pt
36%
Rhenen rhn
36%
Ruurlo rl
36%
Roosendaal rsd
36%
Rijswijk rsw
36%
Rotterdam Alexander rta
36%
Rotterdam Blaak rtb
36%
Soestdijk sd
36%
Schiedam Centrum sdm
36%
Schagen sgn
36%
Schiphol Airport shl
36%
Sassenheim ssh
36%
Steenwijk swk
36%
Tilburg Reeshof tbr
36%
Twello twl
36%
Usquert ust
36%
Voorburg vb
36%
Vorden vd
36%
Vught vg
36%
Voorhout vh
36%
Valkenburg vk
36%
Veenendaal Centrum vndc
36%
Veenendaal West vndw
36%
Voorschoten vst
36%
Workum wk
36%
Weesp wp
36%
Winschoten ws
36%
Weert wt
36%
Wezep wz
36%
Zwolle Stadshagen zlsh
36%
Zutphen zp
36%
Zoetermeer ztm
36%
Zoetermeer Oost ztmo
36%
Zevenbergen zvb
36%
Zandvoort aan Zee zvt
36%
Zwijndrecht zwd
36%
Arnhem Velperpoort ahp
27%
Almelo De Riet amri
27%
Amsterdam ArenA asdar
27%
Bunde bde
27%
Boxmeer bmr
27%
Barneveld Centrum bnc
27%
Barneveld Noord bnn
27%
Barneveld Zuid bnz
27%
Boxtel btl
27%
Cuijk ck
27%
Culemborg cl
27%
Coevorden co
27%
Chèvremont cv
27%
Daarlerveen da
27%
Delden ddn
27%
Dordrecht Zuid ddzd
27%
Deinum dei
27%
Didam did
27%
Den Dolder dld
27%
Dalen dln
27%
Driehuis drh
27%
Dronten dron
27%
Dronryp drp
27%
Delft dt
27%
Delft Campus dtcp
27%
De Vink dvnk
27%
De Westereen dwe
27%
Delfzijl dz
27%
Delfzijl West dzw
27%
Eijsden edn
27%
Eindhoven Stadion ehst
27%
Franeker fn
27%
Gramsbergen gbg
27%
Glanerbrug gbr
27%
Gaanderen gdr
27%
Groningen Europapark gerp
27%
Grijpskerk gk
27%
Den Haag HS gv
27%
Den Haag Centraal gvc
27%
Den Haag Mariahoeve gvm
27%
Den Haag Moerwijk gvmw
27%
Hoensbroek hb
27%
Hardenberg hdb
27%
Hurdegaryp hdg
27%
Hoogeveen hgv
27%
Hoogezand-Sappemeer hgz
27%
Hillegom hil
27%
Hoogkarspel hks
27%
Harlingen hlg
27%
Harlingen Haven hlgh
27%
Hemmen-Dodewaard hmn
27%
Heino hno
27%
Heerenveen hr
27%
Heerlen Woonboulevard hrlw
27%
Heerenveen IJsstadion hry
27%
Hoevelaken hvl
27%
IJlst ijt
27%
Krabbendijke kbd
27%
Veenendaal-De Klomp klp
27%
Klimmen-Ransdaal kmr
27%
Kerkrade Centrum krd
27%
Kesteren ktr
27%
Kropswolde kw
27%
Koog aan de Zaan kz
27%
Lochem lc
27%
Leerdam ldm
27%
Landgraaf lg
27%
Lansingerland-Zoetermeer llzm
27%
Loppersum lp
27%
Lunteren ltn
27%
Lichtenvoorde-Groenlo ltv
27%
Meerssen mes
27%
Mantgum mg
27%
Mariënberg mrb
27%
Martenshoek mth
27%
Bad Nieuweschans nsch
27%
Nijverdal nvd
27%
Nieuwerkerk a/d IJssel nwk
27%
Opheusden op
27%
Oisterwijk ot
27%
Purmerend Overwhere pmo
27%
Purmerend Weidevenne pmw
27%
Raalte rat
27%
Roodeschool rd
27%
Rheden rh
27%
Rosmalen rs
27%
Rijssen rsn
27%
Rotterdam Stadion rtst
27%
Reuver rv
27%
Ravenstein rvs
27%
Spaubeek sbk
27%
Scheemda sda
27%
Sliedrecht sdt
27%
Sliedrecht Baanhoek sdtb
27%
Sneek sk
27%
Sneek Noord sknd
27%
Swalmen sm
27%
Schinnen sn
27%
Schin op Geul sog
27%
Stedum stm
27%
Santpoort Noord stpn
27%
Santpoort Zuid stpz
27%
Stavoren stv
27%
Sauwerd swd
27%
Terborg tbg
27%
Tegelen tg
27%
Uithuizermeeden uhm
27%
Uithuizen uhz
27%
Voerendaal vdl
27%
Veendam vdm
27%
Vroomshoop vhp
27%
Vierlingsbeek vlb
27%
Varsseveld vsv
27%
Vleuten vtn
27%
Vriezenveen vz
27%
Waddinxveen wad
27%
Waddinxveen Noord wadn
27%
Waddinxveen Triangel wadt
27%
Wierden wdn
27%
Wolfheze wf
27%
Warffum wfm
27%
Wehl wl
27%
Winsum wsm
27%
Zetten-Andelst za
27%
Zuidbroek zb
27%
Zaltbommel zbm
27%
Zuidhorn zh
27%
Lage Zwaluwe zlw
27%
Kapelle-Biezelinge bzl
18%
Dalfsen dl
18%
Heemstede-Aerdenhout had
18%
Klarenbeek kbk
18%
Koudum-Molkwerum kmw
18%
Den Haag Laan van NOI laa
18%
Leiden Lammenschans ldl
18%
Geleen-Lutterade lut
18%
Maarssen mas
18%
Nijmegen Goffert nmgo
18%
Rilland-Bath rb
18%
Rotterdam Lombardijen rlb
18%
Houthem-St. Gerlach sgl
18%
Tiel Passewaaij tpsw
18%
Voorst-Empe vem
18%
Venray vry
18%
Westervoort wtv
18%
Grou-Jirnsum gw
9%
Holten hon
9%
Hollandsche Rading hor
9%
Mook-Molenhoek mmlh
9%
Susteren srn
9%
Den Haag Ypenburg ypb
9%
Hardinxveld-Giessendam gnd
0%
Geldrop gp
0%
Hardinxveld Blauwe Zoom hbzm
0%
Hindeloopen hnp
0%
Kruiningen-Yerseke krg
0%
Maarheeze mz
0%
No matching quizzes found
Score Distribution
Percent of People with Each Score
Percentile by Number Answered
Your Score History
You have not taken this quiz